Discurso al alimón sobre Rubén Darío /
Αποθηκεύτηκε σε:
| Κύριοι συγγραφείς: | , |
|---|---|
| Μορφή: | Άγνωστο |
| Γλώσσα: | Spanish |
| Έκδοση: |
San José, Costa Rica :
Embajada de Nicaragua,
1998.
|
| Θέματα: | |
| Ετικέτες: |
Προσθήκη ετικέτας
Δεν υπάρχουν, Καταχωρήστε ετικέτα πρώτοι!
|
MARC
| LEADER | 000000000a22000000004500 | ||
|---|---|---|---|
| 001 | 003678 | ||
| 041 | 0 | |a spa | |
| 082 | 0 | 4 | |a Ch861.4 |b N454d |
| 100 | 1 | |a Neruda, Pablo, |c seudónimo, |d 1904-1973 | |
| 100 | 1 | |a García Lorca, Federico, |d 1898-1936 | |
| 245 | 1 | 0 | |a Discurso al alimón sobre Rubén Darío / |c Pablo Neruda, Federico García Lorca. |
| 260 | 1 | |a San José, Costa Rica : |b Embajada de Nicaragua, |c 1998. | |
| 300 | |a 5 páginas | ||
| 500 | |a Centenario del nacimiento de Federico García Lorca. -- Título tomado de la cubierta. -- Ejemplar sin portada. -- La biblioteca tiene otro ejemplar con número de inscripción 4989 | ||
| 650 | 4 | |a LITERATURA CHILENA | |
| 650 | 4 | |a POESIA | |
| 650 | 4 | |a DARIO, RUBEN, SEUDONIMO, 1867-1916 | |
| 999 | |c 10148 |d 10148 | ||
| 942 | |c BK |h Ch861.4 N454d |2 z | ||
